| 000 | 00528nam a2200193Ia 4500 | ||
|---|---|---|---|
| 008 | 151119s9999||||xx |||||||||||||| ||und|| | ||
| 082 | _bGKKV33721 | ||
| 100 | _a"रावते, दिवाकर" | ||
| 245 | _aधग | ||
| 260 | _aपुणे | ||
| 260 | _bज्ञानभाषा प्रकाशन | ||
| 260 | _c2014 | ||
| 300 | _a172p. | ||
| 600 | _a"रावते, दिवाकर" | ||
| 630 | _aधग | ||
| 700 | _a"रावते, दिवाकर" | ||
| 730 | _aधग | ||
| 942 | _cBOOK | ||
| 999 |
_c1086016 _d1086013 |
||